banner-ar

GEORGES MELIES: 'ILLUSIONNISTE FIN DE SIECLE? :ACTES DU COLLOQUE DE CERISY LA SALLE, 13 - 22 AOUT 1996 / (Record no. 16168)

MARC details
000 -الفاتح
حقل البيانات ثابتة الطول 00652nam a2200205Ia 4500
008 - عناصر البيانات ثابتة الطول - معلومات عامة
حقل البيانات ثابتة الطول 140319s9999 xx 000 0 eng d
040 ## - مصدر الفهرسة
وكالة الفهرسة الأصلية GCL /
وكالة النسخ GCL
082 04 - رقم تصنيف ديوى العشرى
رقم التصنيف 791.43028092
رقم المادة M G
100 1# - المدخل الرئيسى - إسم شخصى
الإسم الشخصى MALTHETE , JACQUES
245 10 - بيان العنوان
العنوان GEORGES MELIES: 'ILLUSIONNISTE FIN DE SIECLE? :ACTES DU COLLOQUE DE CERISY LA SALLE, 13 - 22 AOUT 1996 /
بيان المسئوليه,etc MALTHETE , JACQUES
700 1# - المدخل الاضافى - اسم شخصى
الإسم الشخصى MARIE , MICHEL
260 ## - PUBLICATION, DISTRIBUTION, ETC. (IMPRINT)
تاريخ النشر أو التوزيع 1996
300 ## - الوصف المادى
التعداد 456 P
650 04 - المدخل الاضافى بالموضوع-مصطلح موضوعى
مصطلح موضوعي BIOGRAPHIES
650 04 - المدخل الاضافى بالموضوع-مصطلح موضوعى
مصطلح موضوعي ACTORS - BIOGRAPHIES
650 04 - المدخل الاضافى بالموضوع-مصطلح موضوعى
مصطلح موضوعي MOTION PICTURES - BIOGRAPHIES
650 04 - المدخل الاضافى بالموضوع-مصطلح موضوعى
مصطلح موضوعي MELIES , GEORGES
942 ## - عناصر المدخل الإضافي( كوها)
مصدر التصنيف او مخطط الترفيف Dewey Decimal Classification
Koha [default] item type كتاب
260 ## - PUBLICATION, DISTRIBUTION, ETC. (IMPRINT)
-- [S.N] :
-- PRESSES DE LA SORBONNE NOUVELLE ،
Holdings
حالة التراجع حالة الفقد حالة تلف ليس للاعارة المكان المؤقت الموقع الحالى تاريخ الاكتساب اجمالي اﻻعارات رقم الطلب الباركود تاريخ اخر مشاهدة تاريخ تفعيل السعر نوع وعاء كوها
        مكتبة القاهرة الكبرى مكتبة القاهرة الكبرى 03/26/2014   791.43028092\M G 29544 03/26/2014 03/26/2014 كتاب

Powered By

EGPV